| 000 | 00439nam a22001577a 4500 | ||
|---|---|---|---|
| 999 |
_c123428 _d123428 |
||
| 005 | 20170818100328.0 | ||
| 008 | 150921b xxu||||| |||| 00| 0 eng d | ||
| 050 |
_aB387.A5 _bL477 1971 |
||
| 100 |
_aPlato _919964 |
||
| 245 |
_aTimaeus and critias _cPlato and translated by Desmond Lee |
||
| 260 |
_aMiddlesex _bPenguins _c1971 |
||
| 300 |
_a167p. ; _c19cm. |
||
| 440 |
_aPenguin classics _919965 |
||
| 700 |
_aLee, Desmond _etr. _919966 |
||
| 942 |
_2lcc _cMONOGRAPH |
||